| 000 | 00853cam a22002535i 4500 | ||
|---|---|---|---|
| 001 | 18037480 | ||
| 005 | 20150122105937.0 | ||
| 008 | 140210t2014 xxuadk frb 000 0 eng d | ||
| 010 | _a2014932980 | ||
| 020 | _a9783319047645 | ||
| 040 |
_aDLC _beng _cDLC _dDLC _dEG-ScBUE |
||
| 082 | 0 | 0 |
_222 _a005.7565 _bCLO |
| 245 | 0 | 0 |
_aCloud data management / _cLiang Zhao ... [et al.] ; foreword by Albert Y. Zomaya. |
| 260 |
_aNew York, United States : _bSpringer, _cc.2014. |
||
| 300 |
_axix, 202 p. : _bcharts, forms, tables ; _c24 cm. |
||
| 504 | _aBibliography : p. 191-202. | ||
| 650 | 0 |
_911309 _aDatabase management |
|
| 650 | 0 |
_aCloud computing _937309 |
|
| 653 |
_bCOMSCI _cJanuary2015 |
||
| 655 |
_vreading book _934232 |
||
| 700 | 1 |
_aZhao, Liang _937310 |
|
| 700 | 1 |
_aZomaya, Albert Y. _937311 _eauthor of introduction, etc. |
|
| 942 |
_2ddc _k005.7565 CLO |
||
| 999 |
_c18928 _d18900 |
||